Vật lý trong thế giới sinh vật
Gardado en:
| Autor Principal: | |
|---|---|
| Formato: | Libro |
| Idioma: | Undetermined |
| Publicado: |
Hà Nội
Giáo dục
1978
|
| Những chủ đề: | |
| Các nhãn: |
Engadir etiqueta
Sen Etiquetas, Sexa o primeiro en etiquetar este rexistro!
|
| Thư viện lưu trữ: | Trung tâm Học liệu Trường Đại học Cần Thơ |
|---|
| LEADER | 00473nam a2200169Ia 4500 | ||
|---|---|---|---|
| 001 | CTU_3427 | ||
| 008 | 210402s9999 xx 000 0 und d | ||
| 082 | |a 570 | ||
| 082 | |b V299 | ||
| 100 | |a I M Varikaso | ||
| 245 | 0 | |a Vật lý trong thế giới sinh vật | |
| 245 | 0 | |c I M Varikaso, Đặng Chung | |
| 260 | |a Hà Nội | ||
| 260 | |b Giáo dục | ||
| 260 | |c 1978 | ||
| 650 | |a life sciences | ||
| 980 | |a Trung tâm Học liệu Trường Đại học Cần Thơ | ||